ბათუმის შოთა რუსთაველის სახელმწიფო უნივერსიტეტის ბიბლიოთეკა

თოვლიან მთებში (ბიბ.ჩანაწერი № 50958)

000 -LEADER
fixed length control field 00878nam a2200229Ia 4500
001 - CONTROL NUMBER
control field 17915
003 - CONTROL NUMBER IDENTIFIER
control field GE_BSU
008 - FIXED-LENGTH DATA ELEMENTS--GENERAL INFORMATION
fixed length control field 181216s||||||||xx |||||||||||||| ||und||
040 ## - CATALOGING SOURCE
Transcribing agency GE_BSU
080 ## - UNIVERSAL DECIMAL CLASSIFICATION NUMBER
Universal Decimal Classification number 82-93:821.353.1
100 ## - MAIN ENTRY--PERSONAL NAME
Personal name კეცხოველი, ნ.
245 ## - TITLE STATEMENT
Title თოვლიან მთებში
245 ## - TITLE STATEMENT
Statement of responsibility, etc. რედ.ქ.ქუჩუკაშვილი.მხ. ო.ჯიშკარიანი
260 ## - PUBLICATION, DISTRIBUTION, ETC.
Place of publication, distribution, etc. თბილისი
260 ## - PUBLICATION, DISTRIBUTION, ETC.
Name of publisher, distributor, etc. ნაკადული
260 ## - PUBLICATION, DISTRIBUTION, ETC.
Date of publication, distribution, etc. 1967
300 ## - PHYSICAL DESCRIPTION
Extent 268გვ.21სმ.
653 ## - INDEX TERM--UNCONTROLLED
Uncontrolled term თოვლიან მთებში
653 ## - INDEX TERM--UNCONTROLLED
Uncontrolled term იალბუზი, უშბას სადარაჯოზე. ხუთი მდინარის სათავეში
653 ## - INDEX TERM--UNCONTROLLED
Uncontrolled term ორი ზეკარის გადაღმა და გადმოღმა
942 ## - ADDED ENTRY ELEMENTS (KOHA)
Koha item type წიგნი
ეგზემპლარები
Withdrawn status Lost status Damaged status Not for loan Date acquired Barcode Date last seen Price effective from Koha item type
        2018-12-17 22235 2018-12-17 2018-12-17 წიგნი
        2018-12-17 22234 2018-12-17 2018-12-17 წიგნი